01142nam a2200193Ia 4500001001100000003001000011008004100021040002500062041001300087100001700100245005700117250001100174260008100185300001200266500026000278501011400538520026000652650003600912L200-55413IT-CnALBA170116s9999||||xx |||||||||||||| ||und|| aIT-CnALBAcIT-CnALBA aITALIANO aSARTORIO UGO 0aCREDERE IN DIALOGO. PERCORSI DI FEDE E DI ANNUNCIO.  a1a ed. a PADOVAbMESSAGGERO EDIZIONI c2002 [1° Ed.:2002 - Ed.Ling.Originale: 2002] a224 p.  aPERCORSI TEOLOGICI. RENDERE RAGIONE DELLA FEDE CRISTIANA. APOLOGETICA OGGI. COMUNICAZIONE FEDE. NUOVA EVANGELIZZAZIONE. LE "RIVELAZIONI PRIVATE". ANNUNCIO CRISTIANO ALLE RELIGIONI TRA TOLLERANZA E INTOLLERANZA. S. FRANCESCO E L'ISLAM. UN RACCONTO APERTO,  aSocietà San Paolo EM - Piazza San Paolo, 14 - 12051 ALBA (CN) (non commercial uses only) ® Copyright 2017 aPERCORSI TEOLOGICI. RENDERE RAGIONE DELLA FEDE CRISTIANA. APOLOGETICA OGGI. COMUNICAZIONE FEDE. NUOVA EVANGELIZZAZIONE. LE "RIVELAZIONI PRIVATE". ANNUNCIO CRISTIANO ALLE RELIGIONI TRA TOLLERANZA E INTOLLERANZA. S. FRANCESCO E L'ISLAM. UN RACCONTO APERTO,  aRELIGIONE - RELIGIONE CRISTIANA